Los Restos de Colón en Santo Domingo y Los dos restos de Cristóbal Colón
Salvato in:
| Autore principale: | |
|---|---|
| Natura: | Libro |
| Lingua: | spagnolo |
| Pubblicazione: |
Santo Domingo
Imprenta de J. R. viuda de García
1926
|
| Edizione: | 2a. ed |
| Soggetti: | |
| Tags: |
Aggiungi Tag
Nessun Tag, puoi essere il primo ad aggiungerne!!
|
MARC
| LEADER | 00000nam a2200000 a 4500 | ||
|---|---|---|---|
| 001 | UCJ6643 | ||
| 003 | CL-VaPUC | ||
| 008 | 070124e19260730dr |||||||||||||||||spa|d | ||
| 082 | 0 | 4 | |a 980 |b TEJ |2 21 |
| 100 | 0 | |a Tejera, Emiliano |e author |9 513653 | |
| 245 | 1 | 4 | |a Los Restos de Colón en Santo Domingo y Los dos restos de Cristóbal Colón |
| 246 | 1 | 4 | |a Los dos restos de Cristóbal Colón exhumados de la Catedral de Santo Domingo en 1795 i 1877 |
| 250 | |a 2a. ed | ||
| 300 | |a 283 p | ||
| 942 | |c BK | ||
| 945 | |d 20070124 00:00:00 |a rinostro | ||
| 260 | |a Santo Domingo |b Imprenta de J. R. viuda de García |c 1926 | ||
| 500 | |a Ilustraciones. Front., fotografía del autor. Advierte errata | ||
| 600 | 0 | 7 | |a COLON, CRISTOBAL |2 CL-VaPUC |9 265189 |
| 650 | 0 | |a Arqueología |9 265619 | |
| 650 | 7 | |a SEPULCROS |2 CL-VaPUC |9 437499 | |
| 650 | 0 | |a Paleografía |9 264942 | |
| 650 | 7 | |a DOCUMENTOS |2 CL-VaPUC |9 366450 | |
| 650 | 0 | |a Ilustraciones |9 369481 | |
| 650 | 0 | |a Iconografía |9 267998 | |
| 651 | 7 | |a REPUBLICA DOMINICANA |2 CL-VaPUC |9 257737 | |
| 583 | |a last modification |c 20171221 02:23:14 |k Rodrigo Vera | ||
| 999 | |c 322745 |d 322743 | ||
| 952 | |0 0 |1 0 |4 0 |6 980_000000000000000_TEJ_1926 |7 0 |8 X |9 401814 |a FDOBUD |b FDOBUD |d 2019-11-22 |i 1046241 |o 980 TEJ 1926 |p 1046241 |r 2019-11-22 |w 2019-11-22 |y BK_X |k BUD | ||